000 00455nam a2200145Ia 4500
008 240729s9999 xx 000 0 und d
022 _a2580-4391
245 0 _aScience and Technology Indonesia
260 _aIndonesia
260 _bMagister Program of Material Sciences, Graduate School of Universitas Sriwijaya
650 _aTechnology | Science
856 _uhttps://doaj.org/toc/f6315842b9f04c85a75a1b71b014300d
942 _2ddc
942 _cDOAJEJ
999 _c67479
_d67479
945 _a1
_bMadushi Gamage
_c1
_dMadushi Gamage